Hollywood musicals /

Bibliographic Details
Main Author: Sennett, Ted
Format: Book
Language:English
Published: New York : H.N. Abrams, 1981.
Subjects:

MARC

Tag First Indicator Second Indicator Subfields
LEADER 00000pam a2200000 a 4500
001 in00000087002
005 20151008064656.0
008 801016s1981 nyua bc 00110 engm
010 |a  80025896  
020 |a 0810910756 
035 |a (OCoLC)06916168 
035 |9 AAK4605AM 
040 |a DLC  |c DLC  |d m.c.  |d TXA  |d UtOrBLW 
043 |a n-us--- 
049 |a TXAM  |c [1362137] 
050 0 0 |a PN1995.9.M86  |b S4 
082 0 |a 782.81/0973  |2 19 
100 1 |a Sennett, Ted. 
245 1 0 |a Hollywood musicals /  |c Ted Sennett. 
264 1 |a New York :  |b H.N. Abrams,  |c 1981. 
300 |a 384 pages :  |b illustrations (some color) ;  |c 35 cm. 
336 |a text  |b txt  |2 rdacontent 
337 |a unmediated  |b n  |2 rdamedia 
338 |a volume  |b nc  |2 rdacarrier 
500 |a Includes index. 
504 |a Bibliography: page 368. 
504 |a "Filmography": pages 368-375. 
650 0 |a Musical films  |z United States  |x History and criticism. 
999 |a MARS 
999 f f |s 353d1445-7f48-3a54-baca-d67724712b2d  |i adb8a729-6c26-3fc7-ab94-af958756af2c  |t 0 
952 f f |p ric  |a Texas A&M University  |b Rellis Campus  |c Joint Library Facility  |d Remote Storage  |t 0  |e PN1995.9.M86 S4  |f Oversize  |h Library of Congress classification  |i unmediated -- volume  |m A14806267631 
998 f f |a PN1995.9.M86 S4  |t 0  |l Remote Storage